| 000 | 01032cam a2200229 4500 | ||
|---|---|---|---|
| 001 | WS108119 | ||
| 008 | 000000n 000 0 eng u | ||
| 035 | _a(Sirsi) u108119 | ||
| 110 |
_aCentre for Dispute Resolution _91002 |
||
| 245 | _aCentre for Dispute Resolution | ||
| 520 | _aSite for this organisation which aims 'to facilitate the growth of mediation as the primary tool for third-party dispute resolution'. Includes downloadable publications on mediation and ADR, news pages and looks at cases suitable for mediation. | ||
| 650 | _aALTERNATIVE DISPUTE RESOLUTION | ||
| 650 | _aALTERNATIVE DISPUTE RESOLUTION | ||
| 650 | _aMEDIATION | ||
| 650 |
_aContracts _96232 |
||
| 650 | _aMANAGEMENT-DISPUTE AVOIDANCE, MANAGEMENT AND RESOLUTION-DISPUTE MANAGEMENT AND RESOLUTION-ALTERNATIVE DISPUTE RESOLUTION-ADJUDICATION | ||
| 650 | _aMODEL FORMS | ||
| 650 | _aCODE OF CONDUCT | ||
| 690 |
_aDispute resolution _96236 |
||
| 856 | 4 | 0 |
_uhttps://www.cedr.co.uk _zView the website free of charge at www.cedr.co.uk... |
| 942 | _n0 | ||
| 999 |
_c119627 _d119627 |
||